5HLuxD.jpg

KING HENRY VIII SENIOR AND PRIMARY SCHOOL LIBRARY OPAC

Ground Zero : (Record no. 3758)

000 -LEADER
fixed length control field 01733nam a2200373 i 4500
001 - CONTROL NUMBER
control field pr06266277
003 - CONTROL NUMBER IDENTIFIER
control field CaOWLBI
005 - DATE AND TIME OF LATEST TRANSACTION
control field 20241021105900.0
008 - FIXED-LENGTH DATA ELEMENTS--GENERAL INFORMATION
fixed length control field 220210s2021 meuab jd 000 1 eng d
020 ## - INTERNATIONAL STANDARD BOOK NUMBER
International Standard Book Number 9780702306747
040 ## - CATALOGING SOURCE
Original cataloging agency CaOWLBI
Language of cataloging eng
Transcribing agency CaOWLBI
Description conventions rda
Modifying agency CaOL
-- KH8
082 ## - DEWEY DECIMAL CLASSIFICATION NUMBER
Classification number FIC GRA
100 1# - MAIN ENTRY--PERSONAL NAME
Personal name Gratz, Alan,
Dates associated with a name 1972-
Relator term author.
245 10 - TITLE STATEMENT
Title Ground Zero :
Remainder of title a novel of 9/11 /
Statement of responsibility, etc. Alan Gratz.
250 ## - EDITION STATEMENT
Edition statement Large print edition.
264 #1 - PRODUCTION, PUBLICATION, DISTRIBUTION, MANUFACTURE, AND COPYRIGHT NOTICE
Place of production, publication, distribution, manufacture United States :
Name of producer, publisher, distributor, manufacturer Gale, A Cengage Company,
Date of production, publication, distribution, manufacture, or copyright notice 2021.
264 #4 - PRODUCTION, PUBLICATION, DISTRIBUTION, MANUFACTURE, AND COPYRIGHT NOTICE
Date of production, publication, distribution, manufacture, or copyright notice ©2021.
300 ## - PHYSICAL DESCRIPTION
Extent 403 pages :
Dimensions 20cm.
336 ## - CONTENT TYPE
Content type term text
Source rdacontent.
337 ## - MEDIA TYPE
Media type term unmediated
Source rdamedia.
338 ## - CARRIER TYPE
Carrier type term volume
Source rdacarrier.
340 ## - PHYSICAL MEDIUM
Font size large print
Source rda.
520 ## - SUMMARY, ETC.
Summary, etc. Brandon is visiting his dad on the 107th floor of the World Trade Center on September 11, 2001 when the attack comes; Reshmina is a girl in Afghanistan who has grown up in the aftermath of that attack but dreams of peace, becoming a teacher and escaping her village and the narrow role that the Taliban believes is appropriate for women--both are struggling to survive, both changed forever by the events of 9/11.
610 20 - SUBJECT ADDED ENTRY--CORPORATE NAME
Corporate name or jurisdiction name as entry element World Trade Center (New York, N.Y. : 1970-2001)
Form subdivision Juvenile fiction.
650 #0 - SUBJECT ADDED ENTRY--TOPICAL TERM
Topical term or geographic name entry element September 11 Terrorist Attacks, 2001
Form subdivision Juvenile fiction.
650 #0 - SUBJECT ADDED ENTRY--TOPICAL TERM
Topical term or geographic name entry element Afghan War, 2001-2021
Form subdivision Juvenile fiction.
650 #0 - SUBJECT ADDED ENTRY--TOPICAL TERM
Topical term or geographic name entry element Teenage boys
Geographic subdivision New York (State)
-- New York
Form subdivision Juvenile fiction.
650 #0 - SUBJECT ADDED ENTRY--TOPICAL TERM
Topical term or geographic name entry element Teenage girls
Geographic subdivision Afghanistan
Form subdivision Juvenile fiction.
650 #0 - SUBJECT ADDED ENTRY--TOPICAL TERM
Topical term or geographic name entry element Survival
Form subdivision Juvenile fiction.
650 #0 - SUBJECT ADDED ENTRY--TOPICAL TERM
Topical term or geographic name entry element Historical fiction.
Source of heading or term genre.
651 #0 - SUBJECT ADDED ENTRY--GEOGRAPHIC NAME
Geographic name New York (N.Y.)
General subdivision History
Chronological subdivision 21st century
Form subdivision Juvenile fiction.
651 #0 - SUBJECT ADDED ENTRY--GEOGRAPHIC NAME
Geographic name Afghanistan
General subdivision History
Chronological subdivision 21st century
Form subdivision Juvenile fiction.
942 ## - ADDED ENTRY ELEMENTS (KOHA)
Source of classification or shelving scheme
Koha item type Books - Fiction
Holdings
Withdrawn status Lost status Source of classification or shelving scheme Damaged status Not for loan Collection code Permanent Location Current Location Shelving location Date acquired Full call number Barcode Date last seen Price effective from Koha item type
          Fiction KH8 Senior School Library KH8 Senior School Library Fiction 2024-10-21 FIC GRA 3KHSL000102101 2024-10-21 2024-10-21 Books - Fiction

Powered By KH8 IT Dept